Adhyakala Malayala Novel: Essays (Record no. 91664)

MARC details
000 -LEADER
fixed length control field 00465nam a2200145Ia 4500
008 - FIXED-LENGTH DATA ELEMENTS--GENERAL INFORMATION
fixed length control field 211109s9999||||xx |||||||||||||| ||und||
082 ## - DEWEY DECIMAL CLASSIFICATION NUMBER
Classification number 894.81207
Item number IRU-A
100 ## - MAIN ENTRY--PERSONAL NAME
Personal name Irumbayam, George
245 #0 - TITLE STATEMENT
Title Adhyakala Malayala Novel: Essays
260 ## - PUBLICATION, DISTRIBUTION, ETC.
Name of publisher, distributor, etc. Current Books
Place of publication, distribution, etc. Kottayam
Date of publication, distribution, etc. 1982
300 ## - PHYSICAL DESCRIPTION
Extent 180p
630 ## - SUBJECT ADDED ENTRY--UNIFORM TITLE
General subdivision General Stack
650 ## - SUBJECT ADDED ENTRY--TOPICAL TERM
Topical term or geographic name entry element Malayalam Literature
942 ## - ADDED ENTRY ELEMENTS (KOHA)
Koha item type BOOK
650 ## - SUBJECT ADDED ENTRY--TOPICAL TERM
Form subdivision Malayalam Literature Research
General subdivision Malayalam Literature StudyLiterature Malayalam Essays
Holdings
Withdrawn status Lost status Damaged status Not for loan Home library Current library Date acquired Cost, normal purchase price Total Checkouts Full call number Barcode Shelving location Date last seen Date last checked out Price effective from Koha item type
        SB LIBRARY SB LIBRARY 09/11/2021 12.50 1 894.81207 IRU-A 00076604 GENERAL STACK 02/03/2023 17/02/2023 09/11/2021 BOOK

Powered by Koha